000 00578nam a2200181 i 4500
001 30015
003 ES-MaACL
005 20230906154126.0
007 t|
008 030123s1970 sp ||||1| spa d
100 1 _aBarón Fernández, José.
_925777
245 1 0 _aMiguel Servet
_b: su vida y su obra /
_cJosé Barón Fernández ; prólogo de Pedro Laín Entralgo.
260 _aMadrid :
_bEspasa Calpe,
_c1970.
300 _a337 p., 21 lám. ;
_c23 cm.
700 1 _aLaín Entralgo, Pedro,
_d1908-2001
_969681
852 _aES-MaACL
_jC-38237
_bR.73918
999 _c30015
_d30015